Ryn, Zdzisław Jan. Ignacy Domeyko. - Kraków : PAU. - 2006 [Rezension]

Titel: Ryn, Zdzisław Jan. Ignacy Domeyko. - Kraków : PAU. - 2006 [Rezension]
Verfasser:
In: Wierchy, Band 72 (2006), Seite 292-295
alle Artikel anzeigen
Veröffentlicht: 2006 [2008]
Format: Aufsatz
Sprache: Polnisch
Kein Bild verfügbar
X
alg: 39505462
001A    $01999:12-11-16 
001B    $01999:04-08-21 $t21:03:20.000 
001D    $01999:12-11-16 
001U    $0utf8 
001X    $00 
002@    $0Aox 
003@    $0395054621 
007A    $0395054621 $aHEB 
007T    $0Herdc0077883m 
010@    $apol 
011@    $a2006 $n2006 [2008] 
021A    $aRyn, Zdzisław Jan. Ignacy Domeyko. - Kraków : PAU. -  2006 [Rezension] 
028A    $aWójcik $dZbigniew Jerzy 
031A    $d72 $h292-295 $j2006 
039B    $aIn $8--Abvc--. Wierchy. - Kraków : Centralny Ośrodek, 1923-. - ISSN 0137-6829 $x200600000720000708 $9047100923 
039T    $8--Aax--Ryn, Zdzisław Jan. Ignacy Domeyko. - Kraków : PAU, 2006. - XXVII, 858 s., tabl. 52, il. $9395635551 
045F    $a900.94793 $eDDC23BSB 
045F/01 $a900 
045F/03 $g4793 
045F/03 $g438 
045T    $a7,41 

lok: 39505462 78

exp: 39505462 78 1 #EPN
201B/01 $018-11-16 $t13:36:20.000 
201U/01 $0utf8 
203@/01 $0791353265 
208@/01 $a12-11-16 $be 
209A/01 $a/ $f000 $x00 
220C/01 $aTitelaufnehmer: pg 
220C/01 $aHerkunft: PBB/IH PAN 
244Z/01 $2Trx $#Poola $#Lenkija $#Polija $#Polen Land $#Poland $#Lengyelország $#Poľsko $#Polsko $8--Trx--Polska$gkraj $x01 $9391345966 
244Z/01 $2Trx $#Litauen $#Lithuania $#Litwa $#Litva $#Litva $8--Trx--Lietuva $x02 $9391193457 
244Z/01 $2Trx $#arvustused $#recenzijos $#Reviews $#recenziók $#recenzje $#recenzie $#recenze $8--Trx--Rezensionen $x03 $9391357441 
247C/01 $82080>Marburg/Lahn, Herder-Institut, Forschungsbibliothek, Bibliographieportal $9336309341
LEADER 00000caa a22000002c 4500
001 395054621
003 DE-603
005 20210804210320.0
007 tu
008 161112s2006 xx |||| | u00||u|pol c
035 |a (DE-599)HEB395054621 
040 |a DE-603  |b ger  |c DE-603  |d DE-603 
041 |a pol 
082 0 4 |8 1\u  |a 900.94793  |q DE-101  |2 23/BSB 
084 |a 7,41  |2 ssgn 
085 |8 1\u  |b 900 
085 |8 1\u  |z 2  |s 4793 
085 |8 1\u  |z 2  |s 438 
100 1 |a Wójcik, Zbigniew Jerzy 
245 0 0 |a Ryn, Zdzisław Jan. Ignacy Domeyko. - Kraków : PAU. - 2006 [Rezension] 
264 0 |c 2006 [2008] 
773 0 8 |i In  |t Wierchy  |d Kraków : Centralny Ośrodek, 1923-  |x 0137-6829  |g Band 72 (2006), Seite 292-295  |w (DE-603)047100923  |w (DE-600)95745-8 
787 0 8 |i Rezension von  |a Ryn, Zdzisław Jan  |t Ignacy Domeyko  |d Kraków : PAU, 2006  |h XXVII, 858 s., tabl. 52, il.  |w (DE-603)395635551 
924 0 |9 2080  |a (DE-603)791353265  |b DE-2080  |c HES  |d d  |g /